| 000 | 00597nam a22001937a 4500 | ||
|---|---|---|---|
| 008 | 151009b xxu||||| |||| 00| 0 eng d | ||
| 020 | _a9780324663808 | ||
| 020 | _a0324663803 | ||
| 041 | 0 | _aeng | |
| 080 | _a657 | ||
| 100 | 1 | _aGelinas, Ulric J. | |
| 245 | 1 | 0 |
_aAccounting information systems / _cUlric J. Gelinas, Jr., Richard B. Dull. |
| 250 | _a8th ed. | ||
| 260 |
_aAustralia ; _aMason, Ohio : _bSouth-Western/ Cengage Learning, _c2010. |
||
| 300 |
_axxii, 674 f. : _bme il.; _c26 cm. |
||
| 650 | 0 |
_aKontabilitet _xPërpunimi i të dhënave |
|
| 700 | 1 | _aDull, Richard B. | |
| 942 |
_2udc _cBK |
||
| 999 |
_c1241 _d1241 |
||